Is nothing sacred? (Record no. 17192)
[ view plain ]
| 000 -LEADER | |
|---|---|
| fixed length control field | 00712cam a22002291 4500 |
| 001 - CONTROL NUMBER | |
| control field | ca 34000038 |
| 003 - CONTROL NUMBER IDENTIFIER | |
| control field | DLC |
| 005 - DATE AND TIME OF LATEST TRANSACTION | |
| control field | 20260227111130.0 |
| 008 - FIXED-LENGTH DATA ELEMENTS--GENERAL INFORMATION | |
| fixed length control field | 890717s1934 mau 000 0 eng |
| 010 ## - LIBRARY OF CONGRESS CONTROL NUMBER | |
| LC control number | ca 34000038 |
| 035 ## - SYSTEM CONTROL NUMBER | |
| System control number | (OCoLC)20018850 |
| 040 ## - CATALOGING SOURCE | |
| Original cataloging agency | DLC |
| Transcribing agency | RPB |
| Modifying agency | RPB |
| -- | DLC |
| 042 ## - AUTHENTICATION CODE | |
| Authentication code | premarc |
| 050 00 - LIBRARY OF CONGRESS CALL NUMBER | |
| Classification number | PS3541.L38 |
| Item number | I8 1934 |
| 082 ## - DEWEY DECIMAL CLASSIFICATION NUMBER | |
| Classification number | 812.5 |
| 100 1# - MAIN ENTRY--PERSONAL NAME | |
| Personal name | Ullman, James Ramsey, |
| Dates associated with a name | 1907-1971. |
| 245 10 - TITLE STATEMENT | |
| Title | Is nothing sacred? |
| Remainder of title | A "success story" in three acts, |
| Statement of responsibility, etc. | by James R. Ullman and Arnold L. Scheuer, Jr. |
| 260 ## - PUBLICATION, DISTRIBUTION, ETC. | |
| Place of publication, distribution, etc. | Boston, |
| Name of publisher, distributor, etc. | Walter H. Baker Company |
| Date of publication, distribution, etc. | [c1934] |
| 300 ## - PHYSICAL DESCRIPTION | |
| Extent | 117 p. |
| Dimensions | 19 cm. |
| 490 0# - SERIES STATEMENT | |
| Series statement | Bakers̕ professional plays |
| 700 1# - ADDED ENTRY--PERSONAL NAME | |
| Personal name | Scheuer, Arnold L., |
| Titles and other words associated with a name | Jr., |
| Relator term | joint author. |
No items available.